| 000 | 00795nam a2200253 a 4500 | ||
|---|---|---|---|
| 001 | 28457 | ||
| 003 | BD-RjUL | ||
| 005 | 20211209051303.0 | ||
| 008 | 140330s1966 ne b 001 0 eng d | ||
| 035 | _a(BD-RjUL)28538 | ||
| 040 |
_aDLC _cTOL _dSER _dBD-RjUL _beng |
||
| 041 | _aeng | ||
| 082 |
_a111 _bOMF 1966 |
||
| 100 | 1 |
_aO'Malley, John B. _987133 |
|
| 245 | 1 | 4 |
_aThe fellowship of being : _ban essay on the concept of person in the philosophy of Gabriel Marcel / _cby John B. OMĖalley. |
| 260 |
_aThe Hague : _bMartinus Nijhoff, _c1966. |
||
| 300 |
_ax, 139 p. ; _c24 cm. |
||
| 504 | _aIncludes index and Bibliography: p. [ix]-x. | ||
| 600 | 1 | 0 |
_aMarcel, Gabriel, _d1889-1973 _987138 |
| 650 | 0 |
_aPersonalism. _987135 |
|
| 942 |
_2ddc _cBK |
||
| 999 |
_c28457 _d28457 |
||